| 000 | 00423nam a2200157Ia 4500 | ||
|---|---|---|---|
| 003 | GCL | ||
| 008 | 140319s9999 xx 000 0 ara d | ||
| 040 |
_aGCL / _cGCL |
||
| 082 | 0 | 4 |
_aد _b050 |
| 100 | 1 | _aسامى الكيالى | |
| 245 | 1 | 0 |
_aبنت يزيد (اقرا 155 ) / _cسامى الكيالى |
| 300 | _a139 | ||
| 490 |
_aاقرأ _v0 |
||
| 650 | 0 | 4 | _aالقصص التركية المترجمة |
| 942 |
_2ddc _cBK |
||
| 999 |
_c49578 _d49578 |
||